| 000 | 01151nam a22002657a 4500 | ||
|---|---|---|---|
| 001 | 9766 | ||
| 003 | FISKH | ||
| 005 | 20260212144137.0 | ||
| 008 | 260212b cb ||||| |||| 00| 0 eng d | ||
| 020 | _a9780237518820 | ||
| 040 |
_aFISKH _beng _cFISKH _dFISKH |
||
| 082 | _a372.9 | ||
| 100 | _aGardner , Faye | ||
| 245 |
_aSchool life in grandma's day / _cBy Faye Gardner with Anne Richardson |
||
| 250 | _aFirst published in paperback in 1998 | ||
| 260 |
_aLondon : _bEvan Brothers Ltd , _c1997 . |
||
| 300 |
_a30 pages : _bcolor illustrations ; _c25 cm . |
||
| 490 | _aIn Grandma’s Day | ||
| 520 | _aEach of the books in this series present 20th-century history for the very young through a personal account of a real life Grandma's experiences in the 1930s, 1940s and 1950s. Each story is a first-person narrative and this text covers school life in grandma's day. | ||
| 650 |
_aEducation , Elementary-Great Britain- History-20th Century _vJuvenile Literature |
||
| 650 |
_aGreat Britain - Social Conditions - 20 th Century _vJuvenile Literature |
||
| 700 |
_aLafford , Stuart _eIllustrator |
||
| 942 |
_2ddc _cBK _n0 |
||
| 999 |
_c9766 _d9766 |
||